000 00293nam a22001337a 4500
020 _a81-7862-545-8
082 _a001
_bCHA/E
100 _aCHATTOPADHYAY, DEEPANWITA
245 _aEXPERIMENT WITH MOTION
260 _aDELHI
_bSTERLING PRESS
300 _a32
650 _aGK
_zDELHI
942 _cBK
999 _c6402
_d6402